| 000 | 00400nam a2200181Ia 4500 | ||
|---|---|---|---|
| 001 | 413 | ||
| 005 | 20260306140516.0 | ||
| 008 | 260306t2015||||xx |||||||||||||| ||spa|| | ||
| 041 | _aESP | ||
| 082 |
_a111 _bP75 |
||
| 100 |
_aPolo, Leonardo _eAUT |
||
| 245 | 0 | _aEl acceso al ser | |
| 260 | _c2015 | ||
| 300 |
_a295 páginas : _c24 cm. |
||
| 650 | _aGEN | ||
| 654 | _aCHU | ||
| 942 |
_cLIB _dJUS _fJUS _2ddc _n |
||
| 999 |
_c413 _d413 |
||